Sports Quiz

Random Sports or Baseball Quiz

Silver Sluggers (Third Base) Quiz Stats

 Plays Quiz Updated Nov 9, 2018

Score 0/78 Timer 07:00
0 Plays Today
Year Player % Correct
2005Alex Rodriguez
90.1%
2007Alex Rodriguez
90.1%
2008Alex Rodriguez
90.1%
2007David Wright
86.8%
2008David Wright
86.8%
2018Nolan Arenado
86.4%
2013Miguel Cabrera
85.4%
2012Miguel Cabrera
85.4%
2017Nolan Arenado
83.7%
1980Mike Schmidt
83.1%
1981Mike Schmidt
83.1%
1982Mike Schmidt
83.1%
1983Mike Schmidt
83.1%
1986Mike Schmidt
83.1%
1984Mike Schmidt
83.1%
1999Chipper Jones
82%
2000Chipper Jones
82%
2016Nolan Arenado
79.3%
2014Adrián Beltré
78.9%
2009Ryan Zimmerman
78.3%
1980George Brett
77.9%
1985George Brett
77.9%
2016Josh Donaldson
77.3%
2015Nolan Arenado
77%
2015Josh Donaldson
76.4%
2018José Ramírez
76.2%
2017José Ramírez
74.9%
2009Evan Longoria
74.8%
2002Scott Rolen
70.6%
1983Wade Boggs
66.2%
1986Wade Boggs
66.2%
1987Wade Boggs
66.2%
1988Wade Boggs
66.2%
1989Wade Boggs
66.2%
1991Wade Boggs
66.2%
1993Wade Boggs
66.2%
1994Wade Boggs
66.2%
2004Adrian Beltre
61.5%
2003Mike Lowell
60.6%
Year Player % Correct
2000Troy Glaus
57.1%
2001Troy Glaus
57.1%
2006Miguel Cabrera
56.2%
2002Eric Chavez
51.8%
1997Matt Williams
50.1%
1990Matt Williams
50.1%
1993Matt Williams
50.1%
1994Matt Williams
50.1%
1996Ken Caminiti
48.7%
1997Vinny Castilla
48.1%
1998Vinny Castilla
48.1%
1995Vinny Castilla
48.1%
2010Ryan Zimmerman
46.2%
2014Anthony Rendon
43.4%
1989Howard Johnson
43.3%
1991Howard Johnson
43.3%
2012Chase Headley
42.7%
2010Adrián Beltré
42.4%
2013Pedro Álvarez
38.7%
1992Edgar Martinez
37.5%
2001Albert Pujols
35.1%
2004Melvin Mora
35%
2006Joe Crede
33.7%
2011Adrián Beltré
33.6%
1996Jim Thome
32.3%
2003Bill Mueller
32%
2011Aramis Ramirez
31.2%
1988Bobby Bonilla
30.7%
2005Morgan Ensberg
27.3%
1985Tim Wallach
26.9%
1987Tim Wallach
26.9%
1984Buddy Bell
26%
1990Kelly Gruber
20.2%
1992Gary Sheffield
17.7%
1998Dean Palmer
16.4%
1999Dean Palmer
16.4%
1981Carney Lansford
15.9%
1982Doug DeCinces
13.6%
1995Gary Gaetti
10.3%

You're not logged in!

Compare scores with friends on all Sporcle quizzes.
OR
Log In

Sporcle TV

Today on Sporcle TV


Watch our educational content, quiz creation guides, and fun videos on Sporcle TV.

Show Comments

Extras

Top Quizzes Today


Score Distribution

Your Account Isn't Verified!

In order to create a playlist on Sporcle, you need to verify the email address you used during registration. Go to your Sporcle Settings to finish the process.

Report this User

Report this user for behavior that violates our Community Guidelines.

Details: